<?xml version="1.0" encoding="UTF-8"?>
<record
    xmlns:xsi="http://www.w3.org/2001/XMLSchema-instance"
    xsi:schemaLocation="http://www.loc.gov/MARC21/slim http://www.loc.gov/standards/marcxml/schema/MARC21slim.xsd"
    xmlns="http://www.loc.gov/MARC21/slim">

  <leader>01304cam a2200277 i 4500</leader>
  <controlfield tag="003">SA-RiAUC</controlfield>
  <controlfield tag="005">20251105130312.0</controlfield>
  <controlfield tag="008">251103s1987    su     g      010r0 ara c</controlfield>
  <datafield tag="040" ind1=" " ind2=" ">
    <subfield code="a">SA-RiAUC</subfield>
    <subfield code="b">ara</subfield>
    <subfield code="c">SA-RiAUC</subfield>
    <subfield code="e">rda</subfield>
  </datafield>
  <datafield tag="043" ind1=" " ind2=" ">
    <subfield code="a">a-su---</subfield>
  </datafield>
  <datafield tag="082" ind1="0" ind2="4">
    <subfield code="a">337.11761</subfield>
  </datafield>
  <datafield tag="090" ind1=" " ind2=" ">
    <subfield code="a">337.11761 </subfield>
    <subfield code="b">&#x628; &#x646; &#x643;</subfield>
  </datafield>
  <datafield tag="110" ind1="2" ind2=" ">
    <subfield code="a">&#x627;&#x644;&#x628;&#x646;&#x643; &#x627;&#x644;&#x625;&#x633;&#x644;&#x627;&#x645;&#x64A; &#x644;&#x644;&#x62A;&#x646;&#x645;&#x64A;&#x629;.</subfield>
    <subfield code="e">&#x645;&#x624;&#x644;&#x641;.</subfield>
  </datafield>
  <datafield tag="245" ind1="1" ind2="0">
    <subfield code="a">&#x628;&#x644;&#x627;&#x63A; &#x645;&#x643;&#x629; &#x627;&#x644;&#x645;&#x643;&#x631;&#x645;&#x629; &#x648;&#x62E;&#x637;&#x629; &#x627;&#x644;&#x639;&#x645;&#x644; &#x644;&#x644;&#x62A;&#x639;&#x627;&#x648;&#x646; &#x627;&#x644;&#x627;&#x642;&#x62A;&#x635;&#x627;&#x62F;&#x64A; &#x641;&#x64A;&#x645;&#x627; &#x628;&#x64A;&#x646; &#x627;&#x644;&#x62F;&#x648;&#x644; &#x627;&#x644;&#x623;&#x639;&#x636;&#x627;&#x621; &#x628;&#x645;&#x646;&#x638;&#x645;&#x629; &#x627;&#x644;&#x645;&#x624;&#x62A;&#x645;&#x631; &#x627;&#x644;&#x625;&#x633;&#x644;&#x627;&#x645;&#x64A; /</subfield>
    <subfield code="c">&#x627;&#x644;&#x628;&#x646;&#x643; &#x627;&#x644;&#x625;&#x633;&#x644;&#x627;&#x645;&#x64A; &#x644;&#x644;&#x62A;&#x646;&#x645;&#x64A;&#x629;.</subfield>
  </datafield>
  <datafield tag="264" ind1=" " ind2="1">
    <subfield code="a">&#x62C;&#x62F;&#x629; :</subfield>
    <subfield code="b">&#x627;&#x644;&#x628;&#x646;&#x643; &#x627;&#x644;&#x625;&#x633;&#x644;&#x627;&#x645;&#x64A; &#x644;&#x644;&#x62A;&#x646;&#x645;&#x64A;&#x629;&#x60C;</subfield>
    <subfield code="c">[1987]</subfield>
  </datafield>
  <datafield tag="300" ind1=" " ind2=" ">
    <subfield code="a">39 &#x635;&#x641;&#x62D;&#x629; &#x61B;</subfield>
    <subfield code="c">22 &#x633;&#x645;</subfield>
  </datafield>
  <datafield tag="336" ind1=" " ind2=" ">
    <subfield code="a">&#x646;&#x635;</subfield>
    <subfield code="b">txt</subfield>
    <subfield code="2">rdacontent</subfield>
    <subfield code="3">&#x643;&#x62A;&#x627;&#x628;</subfield>
  </datafield>
  <datafield tag="337" ind1=" " ind2=" ">
    <subfield code="a">&#x628;&#x62F;&#x648;&#x646; &#x648;&#x633;&#x64A;&#x637;</subfield>
    <subfield code="b">n</subfield>
    <subfield code="2">rdamedia</subfield>
  </datafield>
  <datafield tag="338" ind1=" " ind2=" ">
    <subfield code="a">&#x645;&#x62C;&#x644;&#x62F;</subfield>
    <subfield code="b">nc</subfield>
    <subfield code="2">rdacarrier</subfield>
  </datafield>
  <datafield tag="500" ind1=" " ind2=" ">
    <subfield code="a">&#x628;&#x645;&#x646;&#x627;&#x633;&#x628;&#x629; &#x627;&#x646;&#x639;&#x642;&#x627;&#x62F; &#x645;&#x624;&#x62A;&#x645;&#x631; &#x627;&#x644;&#x642;&#x645;&#x629; &#x627;&#x644;&#x625;&#x633;&#x644;&#x627;&#x645;&#x64A; &#x627;&#x644;&#x62E;&#x627;&#x645;&#x633; &#x641;&#x64A; &#x627;&#x644;&#x643;&#x648;&#x64A;&#x62A; &#x62C;&#x645;&#x627;&#x62F;&#x64A; &#x627;&#x644;&#x623;&#x648;&#x644;&#x649; 1407 &#x647;&#x640;.- &#x64A;&#x646;&#x627;&#x64A;&#x631; / &#x643;&#x627;&#x646;&#x648;&#x646; &#x62B;&#x627;&#x646;&#x64A; 1987 &#x645;.</subfield>
  </datafield>
  <datafield tag="610" ind1="2" ind2="7">
    <subfield code="a">&#x627;&#x644;&#x628;&#x646;&#x643; &#x627;&#x644;&#x625;&#x633;&#x644;&#x627;&#x645;&#x64A; &#x644;&#x644;&#x62A;&#x646;&#x645;&#x64A;&#x629;</subfield>
    <subfield code="2">aucnm</subfield>
  </datafield>
  <datafield tag="650" ind1=" " ind2="7">
    <subfield code="a">&#x627;&#x644;&#x628;&#x646;&#x648;&#x643; &#x627;&#x644;&#x625;&#x633;&#x644;&#x627;&#x645;&#x64A;&#x629;</subfield>
    <subfield code="2">aucsh</subfield>
  </datafield>
  <datafield tag="650" ind1=" " ind2="7">
    <subfield code="a">&#x627;&#x644;&#x625;&#x633;&#x644;&#x627;&#x645; &#x648;&#x627;&#x644;&#x627;&#x642;&#x62A;&#x635;&#x627;&#x62F;</subfield>
    <subfield code="2">aucsh</subfield>
  </datafield>
  <datafield tag="942" ind1=" " ind2=" ">
    <subfield code="2">ddc</subfield>
    <subfield code="c">BOOK</subfield>
    <subfield code="n">0</subfield>
  </datafield>
  <datafield tag="949" ind1=" " ind2=" ">
    <subfield code="a">SA-JeALM</subfield>
    <subfield code="d">251103</subfield>
    <subfield code="u">mohamedma123</subfield>
    <subfield code="n">1</subfield>
  </datafield>
  <datafield tag="952" ind1=" " ind2=" ">
    <subfield code="0">0</subfield>
    <subfield code="1">0</subfield>
    <subfield code="2">ddc</subfield>
    <subfield code="4">0</subfield>
    <subfield code="7">0</subfield>
    <subfield code="a">WAHAB</subfield>
    <subfield code="b">WAHAB</subfield>
    <subfield code="d">2025-11-05</subfield>
    <subfield code="l">0</subfield>
    <subfield code="o">337.11761  &#x628; &#x646; &#x643;</subfield>
    <subfield code="p">000020836</subfield>
    <subfield code="r">2025-11-05 13:03:42</subfield>
    <subfield code="w">2025-11-05</subfield>
    <subfield code="y">BOOK</subfield>
  </datafield>
  <datafield tag="999" ind1=" " ind2=" ">
    <subfield code="c">13020</subfield>
    <subfield code="d">13020</subfield>
  </datafield>
</record>
